MARC

LEADER 00000nam0a2200000 4500
001 154982
005 20231031152145.0
010 |a 5229006994 
020 |a RU  |b 91-24745 
035 |a (RuTPU)RU\TPU\book\168095 
090 |a 154982 
100 |a 20090307d1991 m y0rusy5003 ca 
101 0 |a rus 
102 |a RU 
105 |a y j 001zy 
200 1 |a Экономика и организация производства в дипломном проектировании  |e учебное пособие  |f О. В. Юзов, Ф. И. Щепилов, А. Г. Шлеев 
210 |a Москва  |c Металлургия  |d 1991 
215 |a 102 с. 
320 |a Библиогр.: с. 58. 
610 1 |a экономика 
610 1 |a металлургические заводы 
610 1 |a дипломное проектирование 
610 1 |a управление 
610 1 |a труд 
610 1 |a заработная плата 
610 1 |a продукция 
610 1 |a себестоимость 
610 1 |a качество 
610 1 |a организация 
610 1 |a производство 
610 1 |a учебные пособия 
675 |a 669.1:658(075.8)  |z rus 
700 1 |a Юзов  |b О. В.  |g Олег Вениаминович 
701 1 |a Щепилов  |b Ф. И.  |g Федор Иванович 
701 1 |a Шлеев  |b А. Г.  |g Анатолий Гаврилович 
801 0 |a RU  |b RuMRKP  |c 19950417  |g psbo 
801 1 |a RU  |b 63413507  |c 20090307  |g PSBO 
801 2 |a RU  |b 63413507  |c 20170123  |g PSBO 
942 |c BK